[Event "Open"]
[Site "Saint Louis, US"]
[Date "2025.10.15"]
[Round "4"]
[White "Oparin, Grigoriy"]
[Black "Robson, Ray"]
[Result "1/2-1/2"]
[Board "2"]
[WhiteFideId "24125890"]
[BlackFideId "2023970"]
[WhiteTitle "GM"]
[BlackTitle "GM"]
[WhiteElo "2661"]
[BlackElo "2664"]
[WhiteTeam "USA"]
[BlackTeam "USA"]
[WhiteClock "0:01:49"]
[BlackClock "0:00:40"]
[Variant "Standard"]

1. c4 {[%clk 1:30:57]}  c5 {[%clk 1:27:58]} 2. g3 {[%clk 1:31:04]}  g6 {[%clk 1:27:24]} 3. Bg2 {[%clk 1:31:20]}  Bg7 {[%clk 1:27:42]} 4. Nc3 {[%clk 1:31:37]}  Nc6 {[%clk 1:27:07]} 5. e3 {[%clk 1:31:26]}  e6 {[%clk 1:25:06]} 6. b3 {[%clk 1:30:57]}  Nge7 {[%clk 1:16:55]} 7. Ba3 {[%clk 1:31:09]}  b6 {[%clk 1:01:39]} 8. Nge2 {[%clk 1:31:13]}  d5 {[%clk 0:53:20]} 9. cxd5 {[%clk 1:30:21]}  exd5 {[%clk 0:52:57]} 10. Rc1 {[%clk 1:27:38]}  Bg4 {[%clk 0:31:11]} 11. h3 {[%clk 1:23:20]}  Bxe2 {[%clk 0:31:20]} 12. Nxe2 {[%clk 1:23:44]}  O-O {[%clk 0:30:30]} 13. O-O {[%clk 1:21:46]}  Re8 {[%clk 0:30:02]} 14. d4 {[%clk 1:18:01]}  cxd4 {[%clk 0:30:14]} 15. Bxe7 {[%clk 1:18:25]}  Nxe7 {[%clk 0:30:02]} 16. Nxd4 {[%clk 1:18:51]}  Rc8 {[%clk 0:26:55]} 17. Ne2 {[%clk 1:13:00]}  Rxc1 {[%clk 0:22:39]} 18. Qxc1 {[%clk 1:13:25]}  Qd7 {[%clk 0:21:40]} 19. Rd1 {[%clk 1:09:35]}  Rc8 {[%clk 0:20:02]} 20. Qd2 {[%clk 1:09:01]}  Qf5 {[%clk 0:19:42]} 21. Nf4 {[%clk 0:56:56]}  Rc2 {[%clk 0:18:03]} 22. Qb4 {[%clk 0:57:22]}  Bf8 {[%clk 0:16:27]} 23. Qa4 {[%clk 0:55:21]}  g5 {[%clk 0:14:03]} 24. Nd3 {[%clk 0:43:30]}  Nc6 {[%clk 0:14:32]} 25. b4 {[%clk 0:35:24]}  Rc3 {[%clk 0:06:21]} 26. Ne1 {[%clk 0:30:19]}  Nxb4 {[%clk 0:06:17]} 27. Qxa7 {[%clk 0:28:58]}  Rc5 {[%clk 0:04:23]} 28. a3 {[%clk 0:13:17]}  Ra5 {[%clk 0:04:34]} 29. Qxb6 {[%clk 0:13:42]}  Rxa3 {[%clk 0:04:53]} 30. Nf3 {[%clk 0:12:48]}  h6 {[%clk 0:04:24]} 31. Nd4 {[%clk 0:12:33]}  Qc8 {[%clk 0:03:44]} 32. Rb1 {[%clk 0:09:38]}  Ra2 {[%clk 0:00:54]} 33. Qb5 {[%clk 0:04:33]}  Qc5 {[%clk 0:00:35]} 34. Qd7 {[%clk 0:03:36]}  Qa7 {[%clk 0:00:34]} 35. Qf5 {[%clk 0:01:38]}  Ra1 {[%clk 0:00:40]} 36. Rxa1 {[%clk 0:01:48]}  Qxa1+ {[%clk 0:01:09]} 37. Bf1 {[%clk 0:01:13]}  Qa7 {[%clk 0:00:43]} 38. Be2 {[%clk 0:01:00]}  Qe7 {[%clk 0:00:47]} 39. Bf3 {[%clk 0:00:49]}  Bg7 {[%clk 0:00:33]} 40. Bxd5 {[%clk 0:00:44]}  Bxd4 {[%clk 0:00:32]} 41. exd4 {[%clk 0:01:04]}  Nxd5 {[%clk 0:28:21]} 42. Qxd5 {[%clk 0:30:56]}  Qe2 {[%clk 0:23:28]} 43. Kg2 {[%clk 0:30:09]}  Qd3 {[%clk 0:16:49]} 44. Qe5 {[%clk 0:27:54]}  Kh7 {[%clk 0:10:53]} 45. d5 {[%clk 0:25:44]}  Kg8 {[%clk 0:09:26]} 46. d6 {[%clk 0:25:02]}  Qd2 {[%clk 0:05:33]} 47. h4 {[%clk 0:10:17]}  gxh4 {[%clk 0:01:32]} 48. gxh4 {[%clk 0:02:39]}  Qd1 {[%clk 0:01:30]} 49. Qf4 {[%clk 0:02:33]}  Qd5+ {[%clk 0:01:16]} 50. Kh2 {[%clk 0:02:59]}  Kg7 {[%clk 0:01:20]} 51. Qg4+ {[%clk 0:01:55]}  Kf6 {[%clk 0:01:23]} 52. Qf4+ {[%clk 0:01:44]}  Kg7 {[%clk 0:01:21]} 53. Kg3 {[%clk 0:02:10]}  Qd3+ {[%clk 0:00:34]} 54. f3 {[%clk 0:02:35]}  Qd5 {[%clk 0:00:45]} 55. Qg4+ {[%clk 0:02:05]}  Kf6 {[%clk 0:00:55]} 56. d7 {[%clk 0:01:58]}  Ke7 {[%clk 0:01:01]} 57. Qf4 {[%clk 0:01:27]}  Qe6 {[%clk 0:00:32]} 58. Qc7 {[%clk 0:00:39]}  Qe1+ {[%clk 0:00:46]} 59. Kg4 {[%clk 0:00:48]}  Qg1+ {[%clk 0:00:34]} 60. Kf5 {[%clk 0:01:06]}  Qb1+ {[%clk 0:00:34]} 61. Kf4 {[%clk 0:01:04]}  Qb4+ {[%clk 0:00:55]} 62. Ke5 {[%clk 0:00:52]}  Qb5+ {[%clk 0:00:32]} 63. Kd4 {[%clk 0:01:00]}  Qb4+ {[%clk 0:00:35]} 64. Kd5 {[%clk 0:00:46]}  Qb3+ {[%clk 0:00:37]} 65. Kd4 {[%clk 0:00:38]}  Qb4+ {[%clk 0:00:48]} 66. Kd5 {[%clk 0:00:35]}  Qb3+ {[%clk 0:01:15]} 67. Ke4 {[%clk 0:01:01]}  Qb4+ {[%clk 0:00:59]} 68. Kf5 {[%clk 0:01:01]}  Qb1+ {[%clk 0:01:02]} 69. Kf4 {[%clk 0:01:02]}  Qb4+ {[%clk 0:01:16]} 70. Ke3 {[%clk 0:01:03]}  Qe1+ {[%clk 0:00:33]} 71. Kd3 {[%clk 0:01:28]}  Qd1+ {[%clk 0:00:32]} 72. Ke4 {[%clk 0:01:51]}  Qb1+ {[%clk 0:00:32]} 73. Ke5 {[%clk 0:01:31]}  Qb5+ {[%clk 0:00:40]} 74. Kd4 {[%clk 0:01:49]} 1/2-1/2

[Event "Open"]
[Site "Saint Louis, US"]
[Date "2025.10.15"]
[Round "4"]
[White "Caruana, Fabiano"]
[Black "Sevian, Samuel"]
[Result "1/2-1/2"]
[Board "3"]
[WhiteFideId "2020009"]
[BlackFideId "2040506"]
[WhiteTitle "GM"]
[BlackTitle "GM"]
[WhiteElo "2789"]
[BlackElo "2698"]
[WhiteTeam "USA"]
[BlackTeam "USA"]
[WhiteClock "0:45:38"]
[BlackClock "1:00:39"]
[Variant "Standard"]

1. e4 {[%clk 1:30:56]}  e5 {[%clk 1:30:51]} 2. Nf3 {[%clk 1:31:21]}  Nc6 {[%clk 1:31:14]} 3. Bb5 {[%clk 1:31:48]}  a6 {[%clk 1:31:30]} 4. Ba4 {[%clk 1:32:12]}  Nf6 {[%clk 1:31:54]} 5. O-O {[%clk 1:32:37]}  Nxe4 {[%clk 1:31:56]} 6. d4 {[%clk 1:32:57]}  b5 {[%clk 1:32:20]} 7. Bb3 {[%clk 1:33:22]}  d5 {[%clk 1:32:45]} 8. dxe5 {[%clk 1:33:48]}  Be6 {[%clk 1:33:08]} 9. c3 {[%clk 1:34:14]}  Be7 {[%clk 1:32:50]} 10. Bc2 {[%clk 1:34:32]}  Bg4 {[%clk 1:31:08]} 11. Qe1 {[%clk 1:34:06]}  Bxf3 {[%clk 1:30:43]} 12. gxf3 {[%clk 1:34:20]}  Qd7 {[%clk 1:31:09]} 13. Qe2 {[%clk 1:33:17]}  Nc5 {[%clk 1:31:30]} 14. f4 {[%clk 1:33:03]}  d4 {[%clk 1:31:51]} 15. Qf3 {[%clk 1:29:38]}  O-O {[%clk 1:30:56]} 16. b4 {[%clk 1:27:05]}  d3 {[%clk 1:30:02]} 17. Bd1 {[%clk 1:27:29]}  Na4 {[%clk 1:30:24]} 18. a3 {[%clk 1:27:21]}  Rad8 {[%clk 1:27:32]} 19. Ra2 {[%clk 1:07:00]}  Kh8 {[%clk 1:18:19]} 20. Re1 {[%clk 1:04:19]}  Nb6 {[%clk 1:09:39]} 21. Bb3 {[%clk 0:53:51]}  a5 {[%clk 0:57:54]} 22. Bxf7 {[%clk 0:45:24]}  Nxe5 {[%clk 0:57:35]} 23. fxe5 {[%clk 0:44:24]}  Rxf7 {[%clk 0:57:59]} 24. Qxf7 {[%clk 0:43:21]}  Qg4+ {[%clk 0:58:22]} 25. Kh1 {[%clk 0:43:30]}  Rf8 {[%clk 0:58:47]} 26. Qxe7 {[%clk 0:43:25]}  Qf3+ {[%clk 0:59:13]} 27. Kg1 {[%clk 0:43:53]}  Qg4+ {[%clk 0:59:39]} 28. Kh1 {[%clk 0:44:17]}  Qf3+ {[%clk 1:00:05]} 29. Kg1 {[%clk 0:44:44]}  Qg4+ {[%clk 1:00:31]} 30. Kf1 {[%clk 0:45:10]}  Qh3+ {[%clk 1:00:54]} 31. Kg1 {[%clk 0:45:38]}  Qg4+ {[%clk 1:00:39]} 1/2-1/2

[Event "Open"]
[Site "Saint Louis, US"]
[Date "2025.10.15"]
[Round "4"]
[White "Aronian, Levon"]
[Black "Swiercz, Dariusz"]
[Result "1/2-1/2"]
[Board "4"]
[WhiteFideId "13300474"]
[BlackFideId "1126881"]
[WhiteTitle "GM"]
[BlackTitle "GM"]
[WhiteElo "2722"]
[BlackElo "2577"]
[WhiteTeam "USA"]
[BlackTeam "USA"]
[WhiteClock "0:27:05"]
[BlackClock "0:03:16"]
[Variant "Standard"]

1. c4 {[%clk 1:30:56]}  Nf6 {[%clk 1:30:39]} 2. Nc3 {[%clk 1:31:19]}  e5 {[%clk 1:31:02]} 3. g3 {[%clk 1:31:45]}  Bb4 {[%clk 1:26:14]} 4. Bg2 {[%clk 1:31:56]}  O-O {[%clk 1:26:36]} 5. e4 {[%clk 1:32:23]}  Bxc3 {[%clk 1:25:49]} 6. dxc3 {[%clk 1:32:40]}  d6 {[%clk 1:25:51]} 7. Qe2 {[%clk 1:33:05]}  a5 {[%clk 1:07:03]} 8. Nf3 {[%clk 1:33:19]}  Na6 {[%clk 1:06:21]} 9. O-O {[%clk 1:33:26]}  Nc5 {[%clk 1:04:20]} 10. Ne1 {[%clk 1:33:50]}  Bd7 {[%clk 0:55:38]} 11. Nc2 {[%clk 1:33:11]}  Qe8 {[%clk 0:54:21]} 12. Rd1 {[%clk 1:28:04]}  h6 {[%clk 0:51:10]} 13. f3 {[%clk 1:24:31]}  b5 {[%clk 0:49:59]} 14. cxb5 {[%clk 1:24:34]}  Bxb5 {[%clk 0:50:21]} 15. c4 {[%clk 1:25:01]}  Bd7 {[%clk 0:43:37]} 16. Be3 {[%clk 1:12:19]}  Qe7 {[%clk 0:40:47]} 17. Na3 {[%clk 1:07:37]}  Ne6 {[%clk 0:34:46]} 18. Nb5 {[%clk 1:07:48]}  Ra6 {[%clk 0:24:48]} 19. Bh3 {[%clk 1:05:43]}  Rb8 {[%clk 0:18:40]} 20. Rd2 {[%clk 1:03:51]}  a4 {[%clk 0:16:45]} 21. Bxe6 {[%clk 0:52:59]}  Bxe6 {[%clk 0:17:12]} 22. c5 {[%clk 0:53:02]}  dxc5 {[%clk 0:12:35]} 23. Nxc7 {[%clk 0:52:29]}  Rc6 {[%clk 0:13:02]} 24. Nd5 {[%clk 0:50:07]}  Bxd5 {[%clk 0:12:53]} 25. exd5 {[%clk 0:50:32]}  Rcb6 {[%clk 0:07:06]} 26. Rc1 {[%clk 0:50:09]}  Nd7 {[%clk 0:07:17]} 27. Rc4 {[%clk 0:49:43]}  Ra8 {[%clk 0:05:50]} 28. Rdc2 {[%clk 0:41:30]}  Ra5 {[%clk 0:03:36]} 29. Qd2 {[%clk 0:40:38]}  Rba6 {[%clk 0:01:32]} 30. Qc3 {[%clk 0:37:35]}  Qd6 {[%clk 0:01:16]} 31. Bxc5 {[%clk 0:32:59]}  Rxc5 {[%clk 0:00:39]} 32. Rxc5 {[%clk 0:33:23]}  Nxc5 {[%clk 0:01:05]} 33. Qxc5 {[%clk 0:33:48]}  Qxc5+ {[%clk 0:01:31]} 34. Rxc5 {[%clk 0:34:13]}  Rb6 {[%clk 0:01:59]} 35. Rc8+ {[%clk 0:32:55]}  Kh7 {[%clk 0:02:29]} 36. Rc2 {[%clk 0:26:00]}  Rd6 {[%clk 0:00:37]} 37. Rd2 {[%clk 0:25:18]}  Kg6 {[%clk 0:01:03]} 38. Kf2 {[%clk 0:24:47]}  f5 {[%clk 0:01:23]} 39. b3 {[%clk 0:18:05]}  axb3 {[%clk 0:01:20]} 40. axb3 {[%clk 0:18:31]}  Kf7 {[%clk 0:01:19]} 41. g4 {[%clk 0:16:44]}  fxg4 {[%clk 0:17:40]} 42. fxg4 {[%clk 0:45:29]}  Rb6 {[%clk 0:17:54]} 43. Ke3 {[%clk 0:40:26]}  Rb4 {[%clk 0:14:27]} 44. Kd3 {[%clk 0:38:32]}  Rxg4 {[%clk 0:02:19]} 45. Kc3 {[%clk 0:38:49]}  Ke7 {[%clk 0:02:43]} 46. b4 {[%clk 0:39:14]}  Kd6 {[%clk 0:01:25]} 47. b5 {[%clk 0:39:38]}  Rf4 {[%clk 0:01:26]} 48. b6 {[%clk 0:39:05]}  g5 {[%clk 0:00:40]} 49. Rb2 {[%clk 0:35:02]}  Rf8 {[%clk 0:01:07]} 50. Rb5 {[%clk 0:34:07]}  g4 {[%clk 0:00:43]} 51. Kd3 {[%clk 0:31:04]}  Rf3+ {[%clk 0:00:32]} 52. Ke4 {[%clk 0:30:28]}  Rf4+ {[%clk 0:01:01]} 53. Ke3 {[%clk 0:30:49]}  Rf3+ {[%clk 0:01:28]} 54. Ke4 {[%clk 0:25:50]}  Rf4+ {[%clk 0:01:55]} 55. Kd3 {[%clk 0:26:14]}  Rf3+ {[%clk 0:02:16]} 56. Kc4 {[%clk 0:26:38]}  Rf4+ {[%clk 0:02:04]} 57. Kc3 {[%clk 0:26:40]}  Rf8 {[%clk 0:01:49]} 58. Kb4 {[%clk 0:26:53]}  Rb8 {[%clk 0:01:22]} 59. Kc4 {[%clk 0:26:38]}  h5 {[%clk 0:00:47]} 60. Kd3 {[%clk 0:26:39]}  h4 {[%clk 0:01:01]} 61. Ke4 {[%clk 0:24:34]}  g3 {[%clk 0:01:02]} 62. hxg3 {[%clk 0:24:57]}  hxg3 {[%clk 0:01:31]} 63. Rb2 {[%clk 0:25:10]}  Rb7 {[%clk 0:01:04]} 64. Kf3 {[%clk 0:25:33]}  Kxd5 {[%clk 0:01:29]} 65. Kxg3 {[%clk 0:26:00]}  Kc6 {[%clk 0:01:56]} 66. Kg4 {[%clk 0:26:24]}  Rxb6 {[%clk 0:02:21]} 67. Rxb6+ {[%clk 0:26:50]}  Kxb6 {[%clk 0:02:49]} 68. Kf5 {[%clk 0:27:14]}  Kc5 {[%clk 0:03:16]} 69. Kxe5 {[%clk 0:27:05]} 1/2-1/2

[Event "Open"]
[Site "Saint Louis, US"]
[Date "2025.10.15"]
[Round "4"]
[White "Mishra, Abhimanyu"]
[Black "So, Wesley"]
[Result "1/2-1/2"]
[Board "5"]
[WhiteFideId "30920019"]
[BlackFideId "5202213"]
[WhiteTitle "GM"]
[BlackTitle "GM"]
[WhiteElo "2652"]
[BlackElo "2756"]
[WhiteTeam "USA"]
[BlackTeam "USA"]
[WhiteClock "0:22:54"]
[BlackClock "0:57:08"]
[Variant "Standard"]

1. d4 {[%clk 1:30:59]}  d5 {[%clk 1:30:46]} 2. c4 {[%clk 1:31:19]}  e6 {[%clk 1:31:12]} 3. Nf3 {[%clk 1:31:41]}  Nf6 {[%clk 1:31:36]} 4. g3 {[%clk 1:31:58]}  c5 {[%clk 1:31:35]} 5. Bg2 {[%clk 1:31:48]}  cxd4 {[%clk 1:31:55]} 6. O-O {[%clk 1:30:37]}  Bc5 {[%clk 1:32:19]} 7. Nxd4 {[%clk 1:28:52]}  O-O {[%clk 1:32:43]} 8. Nb3 {[%clk 1:26:21]}  Be7 {[%clk 1:33:05]} 9. cxd5 {[%clk 1:23:54]}  Nxd5 {[%clk 1:32:10]} 10. Bd2 {[%clk 1:22:50]}  Nc6 {[%clk 1:31:24]} 11. Nc3 {[%clk 1:22:58]}  Nxc3 {[%clk 1:31:47]} 12. Bxc3 {[%clk 1:23:19]}  Qb6 {[%clk 1:32:13]} 13. Nd4 {[%clk 1:05:59]}  Nb4 {[%clk 1:32:33]} 14. a3 {[%clk 0:59:55]}  Nd5 {[%clk 1:31:23]} 15. Nf5 {[%clk 0:53:50]}  Bf6 {[%clk 1:31:48]} 16. Bxd5 {[%clk 0:53:25]}  exd5 {[%clk 1:32:14]} 17. Qxd5 {[%clk 0:51:18]}  Rd8 {[%clk 1:32:27]} 18. Qf3 {[%clk 0:50:52]}  Bxf5 {[%clk 1:31:17]} 19. Qxf5 {[%clk 0:50:55]}  Bxc3 {[%clk 1:31:41]} 20. bxc3 {[%clk 0:51:18]}  Qc6 {[%clk 1:32:08]} 21. Qc2 {[%clk 0:48:32]}  h5 {[%clk 1:32:26]} 22. Rfd1 {[%clk 0:42:46]}  Rac8 {[%clk 1:25:28]} 23. a4 {[%clk 0:38:13]}  g6 {[%clk 1:22:32]} 24. h4 {[%clk 0:37:36]}  b6 {[%clk 1:21:30]} 25. c4 {[%clk 0:32:44]}  a6 {[%clk 1:18:50]} 26. Rd3 {[%clk 0:30:15]}  b5 {[%clk 1:08:49]} 27. axb5 {[%clk 0:29:56]}  axb5 {[%clk 1:08:47]} 28. Rxd8+ {[%clk 0:28:10]}  Rxd8 {[%clk 1:09:16]} 29. c5 {[%clk 0:28:23]}  Rd4 {[%clk 1:02:04]} 30. Qc3 {[%clk 0:20:08]}  Rc4 {[%clk 0:57:35]} 31. Qf3 {[%clk 0:20:25]}  Qxf3 {[%clk 0:56:29]} 32. exf3 {[%clk 0:20:49]}  Rxc5 {[%clk 0:56:50]} 33. Ra6 {[%clk 0:20:00]}  b4 {[%clk 0:56:44]} 34. Rb6 {[%clk 0:20:23]}  Rc1+ {[%clk 0:53:06]} 35. Kg2 {[%clk 0:20:46]}  Rb1 {[%clk 0:53:33]} 36. g4 {[%clk 0:19:10]}  b3 {[%clk 0:53:02]} 37. Rb5 {[%clk 0:19:17]}  b2 {[%clk 0:52:15]} 38. Rb8+ {[%clk 0:18:57]}  Kg7 {[%clk 0:52:41]} 39. g5 {[%clk 0:19:23]}  f5 {[%clk 0:52:46]} 40. Rb7+ {[%clk 0:19:29]}  Kf8 {[%clk 0:53:13]} 41. Rb8+ {[%clk 0:19:55]}  Ke7 {[%clk 0:53:34]} 42. Rb6 {[%clk 0:20:05]}  Kd7 {[%clk 0:53:54]} 43. Rb3 {[%clk 0:20:07]}  Kc6 {[%clk 0:53:36]} 44. Rb8 {[%clk 0:20:31]}  Kc7 {[%clk 0:54:05]} 45. Rb3 {[%clk 0:20:55]}  f4 {[%clk 0:54:28]} 46. Rb4 {[%clk 0:21:19]}  Kc6 {[%clk 0:54:54]} 47. Rb8 {[%clk 0:21:42]}  Kc7 {[%clk 0:55:21]} 48. Rb4 {[%clk 0:22:03]}  Kc6 {[%clk 0:55:48]} 49. Rb8 {[%clk 0:22:28]}  Kc7 {[%clk 0:56:16]} 50. Rb4 {[%clk 0:22:51]}  Kc6 {[%clk 0:56:43]} 51. Rb8 {[%clk 0:23:08]}  Kc7 {[%clk 0:57:08]} 52. Rb4 {[%clk 0:22:54]} 1/2-1/2

[Event "Open"]
[Site "Saint Louis, US"]
[Date "2025.10.15"]
[Round "4"]
[White "Shankland, Sam"]
[Black "Niemann, Hans Moke"]
[Result "0-1"]
[Board "6"]
[WhiteFideId "2004887"]
[BlackFideId "2093596"]
[WhiteTitle "GM"]
[BlackTitle "GM"]
[WhiteElo "2654"]
[BlackElo "2738"]
[WhiteTeam "USA"]
[BlackTeam "USA"]
[WhiteClock "0:16:28"]
[BlackClock "0:03:55"]
[Variant "Standard"]

1. d4 {[%clk 1:30:56]}  Nf6 {[%clk 1:30:50]} 2. c4 {[%clk 1:31:23]}  e6 {[%clk 1:31:10]} 3. Nc3 {[%clk 1:31:46]}  Bb4 {[%clk 1:31:15]} 4. e3 {[%clk 1:32:10]}  O-O {[%clk 1:31:08]} 5. Bd3 {[%clk 1:32:31]}  d5 {[%clk 1:30:15]} 6. cxd5 {[%clk 1:32:55]}  exd5 {[%clk 1:30:34]} 7. a3 {[%clk 1:33:22]}  Bd6 {[%clk 1:27:30]} 8. Qc2 {[%clk 1:33:46]}  Na6 {[%clk 1:24:23]} 9. Nf3 {[%clk 1:33:40]}  c5 {[%clk 1:24:25]} 10. O-O {[%clk 1:32:04]}  c4 {[%clk 1:21:55]} 11. Be2 {[%clk 1:32:29]}  Nc7 {[%clk 1:21:42]} 12. a4 {[%clk 1:32:37]}  Na6 {[%clk 1:16:33]} 13. b3 {[%clk 1:32:26]}  Nb4 {[%clk 1:16:51]} 14. Qb1 {[%clk 1:31:58]}  cxb3 {[%clk 1:14:24]} 15. Qxb3 {[%clk 1:32:15]}  Bf5 {[%clk 1:13:59]} 16. a5 {[%clk 1:27:54]}  Rc8 {[%clk 1:08:41]} 17. Bd2 {[%clk 1:23:14]}  a6 {[%clk 1:06:07]} 18. g3 {[%clk 1:14:05]}  Qe7 {[%clk 1:04:01]} 19. Rfc1 {[%clk 1:11:59]}  Rc7 {[%clk 1:03:07]} 20. Ne5 {[%clk 0:57:00]}  Rfc8 {[%clk 1:00:57]} 21. Qb2 {[%clk 0:50:41]}  Nc2 {[%clk 0:54:27]} 22. Rxc2 {[%clk 0:40:07]}  Bxc2 {[%clk 0:54:48]} 23. Ng4 {[%clk 0:40:22]}  Be4 {[%clk 0:41:27]} 24. Nxf6+ {[%clk 0:40:48]}  gxf6 {[%clk 0:40:55]} 25. Bg4 {[%clk 0:36:29]}  f5 {[%clk 0:40:21]} 26. Be2 {[%clk 0:35:20]}  h5 {[%clk 0:16:57]} 27. Bxh5 {[%clk 0:28:48]}  Kg7 {[%clk 0:15:43]} 28. Bd1 {[%clk 0:26:52]}  Rh8 {[%clk 0:15:39]} 29. h4 {[%clk 0:24:25]}  Rc6 {[%clk 0:12:38]} 30. Nxe4 {[%clk 0:20:32]}  fxe4 {[%clk 0:09:24]} 31. Rb1 {[%clk 0:19:49]}  Rxh4 {[%clk 0:05:57]} 32. gxh4 {[%clk 0:18:24]}  Qxh4 {[%clk 0:06:18]} 33. Kf1 {[%clk 0:18:16]}  Bg3 {[%clk 0:06:33]} 34. Be1 {[%clk 0:16:51]}  Rf6 {[%clk 0:06:55]} 35. Qc2 {[%clk 0:13:40]}  Qh1+ {[%clk 0:03:39]} 36. Ke2 {[%clk 0:14:08]}  Qg2 {[%clk 0:03:57]} 37. Kd2 {[%clk 0:14:03]}  Bxf2 {[%clk 0:04:23]} 38. Be2 {[%clk 0:13:32]}  Bxe3+ {[%clk 0:04:43]} 39. Kd1 {[%clk 0:13:58]}  Qg1 {[%clk 0:04:00]} 40. Qc8 {[%clk 0:13:29]}  Bg5 {[%clk 0:01:19]} 41. Rxb7 {[%clk 0:07:46]}  Bh4 {[%clk 0:17:22]} 42. Qg4+ {[%clk 0:05:38]}  Qxg4 {[%clk 0:17:36]} 43. Bxg4 {[%clk 0:36:51]}  Rf1 {[%clk 0:17:59]} 44. Be6 {[%clk 0:36:23]}  Rxe1+ {[%clk 0:17:52]} 45. Kc2 {[%clk 0:36:25]}  Re2+ {[%clk 0:17:06]} 46. Kd1 {[%clk 0:35:45]}  Rf2 {[%clk 0:14:34]} 47. Bxd5 {[%clk 0:35:57]}  e3 {[%clk 0:14:54]} 48. Bc4 {[%clk 0:36:06]}  Rd2+ {[%clk 0:14:14]} 49. Kc1 {[%clk 0:36:30]}  e2 {[%clk 0:13:49]} 50. Rxf7+ {[%clk 0:36:41]}  Kg6 {[%clk 0:13:47]} 51. Bxe2 {[%clk 0:37:07]}  Rxe2 {[%clk 0:13:56]} 52. Ra7 {[%clk 0:28:08]}  Re6 {[%clk 0:14:19]} 53. d5 {[%clk 0:28:15]}  Rd6 {[%clk 0:10:24]} 54. Kc2 {[%clk 0:28:23]}  Bf2 {[%clk 0:10:07]} 55. Ra8 {[%clk 0:28:03]}  Kf7 {[%clk 0:10:16]} 56. Kb3 {[%clk 0:27:56]}  Ke7 {[%clk 0:10:27]} 57. Kc4 {[%clk 0:27:51]}  Kd7 {[%clk 0:10:05]} 58. Rf8 {[%clk 0:26:03]}  Bh4 {[%clk 0:09:39]} 59. Rf7+ {[%clk 0:25:22]}  Be7 {[%clk 0:10:02]} 60. Rh7 {[%clk 0:23:12]}  Rg6 {[%clk 0:10:13]} 61. Kd4 {[%clk 0:22:14]}  Kd6 {[%clk 0:05:26]} 62. Ke4 {[%clk 0:20:41]}  Bd8 {[%clk 0:04:59]} 63. Rh1 {[%clk 0:20:37]}  Rg4+ {[%clk 0:04:48]} 64. Kf3 {[%clk 0:20:04]}  Rh4 {[%clk 0:04:16]} 65. Rg1 {[%clk 0:20:17]}  Kc5 {[%clk 0:03:53]} 66. d6 {[%clk 0:16:08]}  Rd4 {[%clk 0:03:57]} 67. Rc1+ {[%clk 0:16:28]}  Kb5 {[%clk 0:03:55]} 0-1